Thelma & Louise

Es la road movie más emblemática de los 90. Thelma Dickinson, un ama de casa de vida vacía y anodina, está casada con un cretino detestable que la trata como a una niña. Por su parte, Louise Sawyer trabaja como camarera en una cafetería y sueña con que su novio Jimmy, que es músico, se case con ella...

Descripción completa

Guardado en:
Autor Principal: Scott, Ridley.
Autor Corporativo: Pathé Entertainment.
Otros Autores: Khouri, Callie; Guion., Zimmer, Hans; Música., Biddle, Adrian; Fotografía., Noble, Thom; Montaje., McBride, Elizabeth; Vestuario., Sarandon, Susan; Reparto., Davis, Geena; Reparto., Keitel, Harvey; Reparto., Pitt, Brad; Reparto., Madsen, Michael; Reparto.
Formato: Deslizar
Idioma:Undetermined
Publicado: Estados Unidos : Metro-Goldwyn-Mayer, 1991.
Materias:
Etiquetas: Agregar Etiqueta
Sin Etiquetas, Sea el primero en etiquetar este registro!
LEADER 01759ngm a22003135a 4500
001 CEM.cems020289
008 230802s1991####xx#---############vlund#d
005 20230802185707.0
245 1 0 |a Thelma & Louise  |h [videograbación] /  |c Ridley Scott. 
260 |a Estados Unidos :  |b Metro-Goldwyn-Mayer,  |c 1991. 
300 |a 128'. 
520 |a Es la road movie más emblemática de los 90. Thelma Dickinson, un ama de casa de vida vacía y anodina, está casada con un cretino detestable que la trata como a una niña. Por su parte, Louise Sawyer trabaja como camarera en una cafetería y sueña con que su novio Jimmy, que es músico, se case con ella. Un fin de semana deciden hacer un viaje juntas en el coche de Louise para alejarse de la mortal rutina de sus vidas y de todas sus frustraciones. Sin embargo, su escapada, que prometía ser divertida y, sobre todo, liberadora, acaba siendo una experiencia llena de episodios dramáticos. 
538 |a 1. Soporte: DVD -- Formato: AVI – Peso: 1.16gb -- Resolución: 512 x 288 -- 25fps -- 2. Soporte: DVD -- Formato: MPEG – Peso: 701mb -- Resolución: 320 x 240 -- 25fps 
590 |a Identificación anterior: 102 
100 1 |a Scott, Ridley. 
700 1 |a Khouri, Callie; Guion. 
700 1 |a Zimmer, Hans; Música. 
700 1 |a Biddle, Adrian; Fotografía. 
700 1 |a Noble, Thom; Montaje. 
700 1 |a McBride, Elizabeth; Vestuario. 
700 1 |a Sarandon, Susan; Reparto. 
700 1 |a Davis, Geena; Reparto. 
700 1 |a Keitel, Harvey; Reparto. 
700 1 |a Pitt, Brad; Reparto. 
700 1 |a Madsen, Michael; Reparto. 
710 2 |a Pathé Entertainment. 
653 |a LARGOMETRAJE 
653 |a FICCIÓN 
859 |a CEMS  |b BIB. CEMS - Depto. Recursos Didacticos  |h 778.5  |i SCO-1  |k DRD  |p 3058.23  |t Ej.1